000 00521nam a2200157 4500
001 111666
003 ES-MaACL
005 20230906185336.0
007 t|
008 061121s1972 sp r ||||1| spa d
245 0 0 _aOrganización escolar
_b: ensayos sobre cuestiones pedagógicas de organización de centros escolares.
260 _aSevilla :
_bInspección de Enseñanza Primaria,
_c1972.
300 _a416 p. ;
_c24 cm.
710 2 _aInspección de Enseñanza Primaria.
_94705
852 _aES-MaACL
_jC-44457
_bR.83678
999 _c111666
_d111666